[Event "Team men PL final"]
[Site "Sochi"]
[Date "2018.05.03"]
[Round "3.2"]
[White "Vitiugov, Nikita"]
[Black "Alekseev, Evgeny"]
[Result "1-0"]
[BlackElo "2622"]
[WhiteElo "2740"]
[LiveChessVersion "1.4.8"]

1. Nf3 {[%clk 1:30:47]} Nf6 {[%clk 1:28:09]} 2. g3 {[%clk 1:30:51]} d5
{[%clk 1:23:05]} 3. Bg2 {[%clk 1:31:09]} g6 {[%clk 1:20:03]} 4. c4
{[%clk 1:30:01]} c6 {[%clk 1:19:59]} 5. b3 {[%clk 1:29:46]} Bg7 {[%clk 1:13:43]}
6. Bb2 {[%clk 1:29:53]} O-O {[%clk 1:14:05]} 7. O-O {[%clk 1:30:11]} Nbd7
{[%clk 1:01:21]} 8. d4 {[%clk 1:24:30]} Ne4 {[%clk 0:59:27]} 9. Nbd2
{[%clk 1:22:02]} Ndf6 {[%clk 0:57:07]} 10. Ne5 {[%clk 1:17:19]} Bf5
{[%clk 0:57:09]} 11. e3 {[%clk 1:05:53]} Qa5 {[%clk 0:51:26]} 12. Nxe4
{[%clk 1:01:11]} Nxe4 {[%clk 0:51:35]} 13. f3 {[%clk 0:53:13]} Nf6
{[%clk 0:48:39]} 14. Qe2 {[%clk 0:52:29]} Nd7 {[%clk 0:35:33]} 15. e4
{[%clk 0:49:35]} Nxe5 {[%clk 0:31:27]} 16. exf5 {[%clk 0:47:20]} Nd7
{[%clk 0:31:49]} 17. fxg6 {[%clk 0:46:00]} hxg6 {[%clk 0:30:00]} 18. Qxe7
{[%clk 0:29:08]} Qd2 {[%clk 0:29:22]} 19. Qxd7 {[%clk 0:26:57]} Qxb2
{[%clk 0:29:19]} 20. cxd5 {[%clk 0:25:33]} Rae8 {[%clk 0:14:28]} 21. Rae1
{[%clk 0:24:08]} Qxd4+ {[%clk 0:11:18]} 22. Kh1 {[%clk 0:24:33]} Rxe1
{[%clk 0:11:40]} 23. Rxe1 {[%clk 0:24:58]} Qxd5 {[%clk 0:11:32]} 24. Qxb7
{[%clk 0:18:08]} Qd2 {[%clk 0:11:09]} 25. Rf1 {[%clk 0:18:23]} Re8
{[%clk 0:09:16]} 26. f4 {[%clk 0:15:33]} Bd4 {[%clk 0:07:29]} 27. f5
{[%clk 0:11:20]} Re1 {[%clk 0:01:52]} 28. fxg6 {[%clk 0:10:50]} fxg6
{[%clk 0:00:53]} 29. Qxc6 {[%clk 0:06:26]} Kg7 {[%clk 0:00:59]} 30. Qb7+
{[%clk 0:03:50]} Kh6 {[%clk 0:01:17]} 31. Qf3 {[%clk 0:04:01]} Kg7
{[%clk 0:00:36]} 32. Qf8+ {[%clk 0:02:51]} Kh7 {[%clk 0:01:05]} 33. Be4
{[%clk 0:01:36]} Bg7 {[%clk 0:00:38]} 34. Qf3 {[%clk 0:01:23]} Rxf1+
{[%clk 0:00:50]} 35. Qxf1 {[%clk 0:01:51]} Qxa2 {[%clk 0:01:11]} 36. Qh3+
{[%clk 0:01:37]} Bh6 {[%clk 0:01:33]} 37. Qe6 {[%clk 0:01:17]} Qa1+
{[%clk 0:01:55]} 38. Kg2 {[%clk 0:01:46]} Qb2+ {[%clk 0:02:11]} 39. Kf3
{[%clk 0:01:21]} Qg7 {[%clk 0:01:17]} 40. h4 {[%clk 0:31:42]} Qg8
{[%clk 0:31:26]} 41. Qxg8+ {[%clk 0:20:03]} Kxg8 {[%clk 0:31:52]} 42. Bxg6
{[%clk 0:20:29]} Kg7 {[%clk 0:30:31]} 43. Be8 {[%clk 0:18:35]} Bd2
{[%clk 0:30:51]} 44. Ke2 {[%clk 0:16:44]} Bb4 {[%clk 0:28:17]} 45. g4
{[%clk 0:16:44]} Kf6 {[%clk 0:28:21]} 46. g5+ {[%clk 0:16:38]} 1-0

[Event "Team men PL final"]
[Site "Sochi"]
[Date "2018.05.03"]
[Round "3.3"]
[White "Lobanov, Sergei"]
[Black "Fedoseev, Vladimir"]
[Result "1/2-1/2"]
[BlackElo "2706"]
[WhiteElo "2515"]
[LiveChessVersion "1.4.8"]

1. e4 {[%clk 1:30:58]} c5 {[%clk 1:30:53]} 2. Nf3 {[%clk 1:31:22]} d6
{[%clk 1:31:16]} 3. d4 {[%clk 1:31:47]} cxd4 {[%clk 1:31:38]} 4. Nxd4
{[%clk 1:32:12]} Nf6 {[%clk 1:32:00]} 5. Nc3 {[%clk 1:32:37]} a6 {[%clk 1:32:23]}
6. Be2 {[%clk 1:32:48]} e5 {[%clk 1:32:46]} 7. Nf3 {[%clk 1:33:07]} b5
{[%clk 1:27:00]} 8. Bg5 {[%clk 1:30:39]} Nbd7 {[%clk 1:24:58]} 9. a4
{[%clk 1:28:56]} bxa4 {[%clk 1:22:06]} 10. Nd2 {[%clk 1:24:55]} Bb7
{[%clk 1:15:50]} 11. O-O {[%clk 1:16:17]} h6 {[%clk 1:15:30]} 12. Be3
{[%clk 1:15:03]} Bc6 {[%clk 1:09:38]} 13. Nc4 {[%clk 1:10:19]} Qc7
{[%clk 1:08:38]} 14. Qd3 {[%clk 1:08:08]} Be7 {[%clk 1:04:20]} 15. Rfd1
{[%clk 1:07:11]} O-O {[%clk 1:03:15]} 16. Nxd6 {[%clk 1:00:55]} Rfd8
{[%clk 0:59:20]} 17. Nf5 {[%clk 0:56:45]} Bf8 {[%clk 0:59:37]} 18. Nd5
{[%clk 0:52:47]} Bxd5 {[%clk 0:43:34]} 19. exd5 {[%clk 0:53:04]} e4
{[%clk 0:43:31]} 20. Qc3 {[%clk 0:46:58]} Qb7 {[%clk 0:43:47]} 21. Qc6
{[%clk 0:44:44]} Qxb2 {[%clk 0:40:57]} 22. Bd4 {[%clk 0:44:20]} Qb8
{[%clk 0:41:21]} 23. d6 {[%clk 0:40:37]} Qc8 {[%clk 0:41:36]} 24. Qxc8
{[%clk 0:31:42]} Raxc8 {[%clk 0:38:50]} 25. Bxa6 {[%clk 0:21:54]} Rxc2
{[%clk 0:38:51]} 26. Bb5 {[%clk 0:21:56]} Ra8 {[%clk 0:31:29]} 27. Bxa4
{[%clk 0:14:48]} Rc4 {[%clk 0:31:49]} 28. Bxd7 {[%clk 0:12:24]} Rxa1
{[%clk 0:32:12]} 29. Rxa1 {[%clk 0:12:50]} Nxd7 {[%clk 0:32:34]} 30. Be3
{[%clk 0:08:37]} Rb4 {[%clk 0:32:08]} 31. h3 {[%clk 0:08:29]} g6 {[%clk 0:24:15]}
32. Nxh6+ {[%clk 0:06:14]} Kg7 {[%clk 0:24:11]} 33. g4 {[%clk 0:05:59]} Rb7
{[%clk 0:14:36]} 34. Ra4 {[%clk 0:04:49]} Bxd6 {[%clk 0:14:19]} 35. Rxe4
{[%clk 0:05:13]} Bc5 {[%clk 0:13:46]} 36. g5 {[%clk 0:05:07]} Bxe3
{[%clk 0:14:07]} 37. Rxe3 {[%clk 0:05:34]} f5 {[%clk 0:06:38]} 38. Re7+
{[%clk 0:04:08]} Kf8 {[%clk 0:06:25]} 39. Rf7+ {[%clk 0:04:15]} Ke8
{[%clk 0:06:49]} 40. Rg7 {[%clk 0:32:18]} Rb1+ {[%clk 0:37:34]} 41. Kg2
{[%clk 0:31:49]} Ne5 {[%clk 0:32:02]} 42. Ra7 {[%clk 0:26:12]} Nd3
{[%clk 0:29:36]} 43. Ng8 {[%clk 0:17:45]} Ne1+ {[%clk 0:26:27]} 44. Kg3
{[%clk 0:14:50]} Rb3+ {[%clk 0:26:34]} 45. Kf4 {[%clk 0:14:22]} 1/2-1/2

[Event "Team men PL final"]
[Site "Sochi"]
[Date "2018.05.03"]
[Round "3.4"]
[White "Matlakov, Maxim"]
[Black "Usmanov, Vasily"]
[Result "1/2-1/2"]
[BlackElo "2472"]
[WhiteElo "2704"]
[LiveChessVersion "1.4.8"]

1. e4 {[%clk 1:30:57]} e6 {[%clk 1:28:14]} 2. d4 {[%clk 1:30:56]} d5
{[%clk 1:28:08]} 3. e5 {[%clk 1:31:13]} c5 {[%clk 1:29:03]} 4. c3
{[%clk 1:31:37]} Qa5 {[%clk 1:27:09]} 5. dxc5 {[%clk 1:30:23]} Qc7
{[%clk 1:27:31]} 6. Nf3 {[%clk 1:29:57]} Nc6 {[%clk 1:27:21]} 7. Be3
{[%clk 1:20:27]} Nge7 {[%clk 1:22:49]} 8. Bd4 {[%clk 1:13:34]} Ng6
{[%clk 1:07:01]} 9. Bb5 {[%clk 1:06:41]} Bd7 {[%clk 1:06:36]} 10. Bxc6
{[%clk 0:53:32]} Qxc6 {[%clk 1:05:44]} 11. b4 {[%clk 0:51:00]} b6
{[%clk 1:06:07]} 12. cxb6 {[%clk 0:50:19]} axb6 {[%clk 1:03:45]} 13. O-O
{[%clk 0:50:28]} Be7 {[%clk 1:04:03]} 14. Nbd2 {[%clk 0:43:23]} O-O
{[%clk 1:03:27]} 15. g3 {[%clk 0:43:06]} Ra4 {[%clk 1:01:31]} 16. h4
{[%clk 0:37:51]} Rfa8 {[%clk 1:01:54]} 17. h5 {[%clk 0:37:54]} Nf8
{[%clk 1:02:18]} 18. h6 {[%clk 0:37:40]} g6 {[%clk 1:01:13]} 19. Nh2
{[%clk 0:33:00]} Rxa2 {[%clk 0:54:13]} 20. Rxa2 {[%clk 0:32:27]} Rxa2
{[%clk 0:54:37]} 21. Ndf3 {[%clk 0:31:47]} Qc4 {[%clk 0:47:37]} 22. Qc1
{[%clk 0:24:54]} Bb5 {[%clk 0:38:56]} 23. Qf4 {[%clk 0:22:07]} Qd3
{[%clk 0:38:04]} 24. Bxb6 {[%clk 0:17:19]} Qxc3 {[%clk 0:33:23]} 25. Rc1
{[%clk 0:16:33]} Ra1 {[%clk 0:26:06]} 26. Rxa1 {[%clk 0:16:57]} Qxa1+
{[%clk 0:26:34]} 27. Kg2 {[%clk 0:17:21]} Nd7 {[%clk 0:26:47]} 28. Bc5
{[%clk 0:16:00]} Nxc5 {[%clk 0:25:59]} 29. bxc5 {[%clk 0:14:09]} Bd3
{[%clk 0:07:55]} 30. c6 {[%clk 0:10:21]} Be4 {[%clk 0:06:44]} 31. Ng4
{[%clk 0:09:49]} Kf8 {[%clk 0:02:50]} 32. Nf6 {[%clk 0:07:47]} Bxf6
{[%clk 0:03:17]} 33. Qxf6 {[%clk 0:08:03]} Ke8 {[%clk 0:03:45]} 34. Qh8+
{[%clk 0:05:44]} Ke7 {[%clk 0:04:12]} 35. Qc8 {[%clk 0:03:29]} Bxf3+
{[%clk 0:04:08]} 36. Kxf3 {[%clk 0:03:57]} Qh1+ {[%clk 0:04:32]} 37. Ke2
{[%clk 0:02:13]} Qe4+ {[%clk 0:04:58]} 38. Kf1 {[%clk 0:02:37]} Qh1+
{[%clk 0:05:25]} 39. Ke2 {[%clk 0:03:05]} Qe4+ {[%clk 0:05:52]} 40. Kf1
{[%clk 0:33:32]} Qh1+ {[%clk 0:36:18]} 1/2-1/2

[Event "Team men PL final"]
[Site "Sochi"]
[Date "2018.05.03"]
[Round "3.5"]
[White "Popov, Valerij"]
[Black "Alekseenko, Kirill"]
[Result "1-0"]
[BlackElo "2625"]
[WhiteElo "2528"]
[LiveChessVersion "1.4.8"]

1. c4 {[%clk 1:30:57]} e5 {[%clk 1:30:28]} 2. g3 {[%clk 1:31:22]} Nc6
{[%clk 1:30:19]} 3. Nc3 {[%clk 1:31:47]} g6 {[%clk 1:30:20]} 4. Bg2
{[%clk 1:32:06]} Bg7 {[%clk 1:30:19]} 5. d3 {[%clk 1:32:26]} d6 {[%clk 1:29:51]}
6. e4 {[%clk 1:32:16]} f5 {[%clk 1:29:56]} 7. Nge2 {[%clk 1:32:37]} Nh6
{[%clk 1:29:55]} 8. O-O {[%clk 1:20:29]} O-O {[%clk 1:28:54]} 9. Nd5
{[%clk 1:20:55]} Nf7 {[%clk 1:28:51]} 10. Re1 {[%clk 1:16:18]} fxe4
{[%clk 1:28:59]} 11. dxe4 {[%clk 1:16:34]} Nd4 {[%clk 1:29:11]} 12. Nxd4
{[%clk 0:53:23]} exd4 {[%clk 1:29:30]} 13. b3 {[%clk 0:53:44]} g5
{[%clk 1:03:18]} 14. Qh5 {[%clk 0:41:25]} c6 {[%clk 0:58:05]} 15. e5
{[%clk 0:39:44]} dxe5 {[%clk 0:29:46]} 16. Be4 {[%clk 0:36:29]} Bh6
{[%clk 0:28:18]} 17. h4 {[%clk 0:30:57]} cxd5 {[%clk 0:27:24]} 18. Bxd5
{[%clk 0:31:11]} Bg7 {[%clk 0:25:34]} 19. Be4 {[%clk 0:29:11]} Nh6
{[%clk 0:21:29]} 20. hxg5 {[%clk 0:26:47]} Rf5 {[%clk 0:15:51]} 21. g4
{[%clk 0:21:42]} Nxg4 {[%clk 0:15:30]} 22. Qxg4 {[%clk 0:22:09]} Qf8
{[%clk 0:10:05]} 23. Qh4 {[%clk 0:18:45]} Bd7 {[%clk 0:07:25]} 24. Bxb7
{[%clk 0:17:01]} Qb4 {[%clk 0:07:29]} 25. Bd5+ {[%clk 0:17:24]} Kh8
{[%clk 0:07:50]} 26. Re2 {[%clk 0:14:19]} Raf8 {[%clk 0:07:08]} 27. g6
{[%clk 0:10:43]} h5 {[%clk 0:06:04]} 28. Bg5 {[%clk 0:11:05]} Rxg5+
{[%clk 0:05:41]} 29. Qxg5 {[%clk 0:11:32]} Bg4 {[%clk 0:05:43]} 30. Rxe5
{[%clk 0:11:44]} Qc3 {[%clk 0:04:19]} 31. Rf1 {[%clk 0:11:49]} d3
{[%clk 0:04:14]} 32. Re7 {[%clk 0:12:09]} 1-0

[Event "Team men PL final"]
[Site "Sochi"]
[Date "2018.05.03"]
[Round "3.6"]
[White "Goganov, Aleksey"]
[Black "Pershin, Denis"]
[Result "1-0"]
[BlackElo "2392"]
[WhiteElo "2572"]
[LiveChessVersion "1.4.8"]

1. Nf3 {[%clk 1:30:56]} Nf6 {[%clk 1:30:44]} 2. c4 {[%clk 1:31:17]} e6
{[%clk 1:30:40]} 3. g3 {[%clk 1:31:39]} b6 {[%clk 1:30:54]} 4. Bg2
{[%clk 1:32:03]} Bb7 {[%clk 1:31:19]} 5. d4 {[%clk 1:32:28]} Be7 {[%clk 1:31:35]}
6. Nc3 {[%clk 1:32:52]} O-O {[%clk 1:31:34]} 7. O-O {[%clk 1:30:16]} Ne4
{[%clk 1:31:57]} 8. Bd2 {[%clk 1:30:38]} f5 {[%clk 1:32:08]} 9. Ne5
{[%clk 1:29:34]} Nxc3 {[%clk 1:12:05]} 10. Bxc3 {[%clk 1:29:52]} Bxg2
{[%clk 1:12:31]} 11. Kxg2 {[%clk 1:30:16]} Bf6 {[%clk 1:12:50]} 12. Nf3
{[%clk 1:14:18]} d6 {[%clk 1:07:37]} 13. Qd3 {[%clk 1:13:53]} Nd7
{[%clk 1:06:47]} 14. e4 {[%clk 1:12:18]} fxe4 {[%clk 1:05:28]} 15. Qxe4
{[%clk 1:12:07]} Re8 {[%clk 1:05:01]} 16. Rfe1 {[%clk 1:08:35]} a5
{[%clk 0:58:34]} 17. Re3 {[%clk 1:08:32]} Nf8 {[%clk 0:57:04]} 18. Rae1
{[%clk 1:05:52]} Qd7 {[%clk 0:56:03]} 19. Qd3 {[%clk 0:55:59]} Qa4
{[%clk 0:53:31]} 20. b3 {[%clk 0:53:17]} Qd7 {[%clk 0:52:56]} 21. h4
{[%clk 0:52:57]} Qf7 {[%clk 0:52:38]} 22. Nh2 {[%clk 0:49:53]} Qh5
{[%clk 0:41:50]} 23. Qe4 {[%clk 0:43:15]} Rad8 {[%clk 0:37:49]} 24. Ng4
{[%clk 0:41:35]} d5 {[%clk 0:36:55]} 25. Qf4 {[%clk 0:36:40]} Be7
{[%clk 0:36:05]} 26. Qf3 {[%clk 0:33:03]} Qf7 {[%clk 0:32:24]} 27. Qe2
{[%clk 0:33:07]} Bf6 {[%clk 0:32:03]} 28. h5 {[%clk 0:31:04]} c5 {[%clk 0:26:16]}
29. Rf3 {[%clk 0:29:36]} Qe7 {[%clk 0:19:59]} 30. Nxf6+ {[%clk 0:27:39]} gxf6
{[%clk 0:19:22]} 31. cxd5 {[%clk 0:27:54]} Rxd5 {[%clk 0:19:00]} 32. dxc5
{[%clk 0:28:09]} Qxc5 {[%clk 0:19:10]} 33. Bxf6 {[%clk 0:26:15]} Rxh5
{[%clk 0:19:31]} 34. Qe4 {[%clk 0:21:28]} Qd5 {[%clk 0:19:11]} 35. Rd3
{[%clk 0:21:35]} Qxe4+ {[%clk 0:18:19]} 36. Rxe4 {[%clk 0:21:53]} Rc8
{[%clk 0:12:08]} 37. Rd8 {[%clk 0:15:24]} Rhc5 {[%clk 0:05:10]} 38. Rd3
{[%clk 0:12:06]} Rf5 {[%clk 0:04:59]} 39. Bd4 {[%clk 0:12:05]} Rc2
{[%clk 0:04:28]} 40. Bxb6 {[%clk 0:38:22]} Rxa2 {[%clk 0:34:53]} 41. Rd8
{[%clk 0:35:36]} Ra3 {[%clk 0:18:16]} 42. Bd4 {[%clk 0:33:57]} Kf7
{[%clk 0:18:20]} 43. g4 {[%clk 0:33:13]} Rd5 {[%clk 0:18:44]} 44. Rf4+
{[%clk 0:33:02]} Ke7 {[%clk 0:19:08]} 45. Bf6+ {[%clk 0:33:16]} 1-0

[Event "Team men PL final"]
[Site "Sochi"]
[Date "2018.05.03"]
[Round "3.7"]
[White "Artemiev, Vladislav"]
[Black "Ponkratov, Pavel"]
[Result "1/2-1/2"]
[BlackElo "2601"]
[WhiteElo "2704"]
[LiveChessVersion "1.4.8"]

1. Nf3 {[%clk 1:30:48]} d6 {[%clk 1:29:45]} 2. d4 {[%clk 1:30:52]} Nf6
{[%clk 1:30:11]} 3. g3 {[%clk 1:30:32]} g6 {[%clk 1:28:50]} 4. Bg2
{[%clk 1:30:52]} Bg7 {[%clk 1:29:16]} 5. O-O {[%clk 1:31:03]} O-O
{[%clk 1:29:43]} 6. Re1 {[%clk 1:31:16]} c5 {[%clk 1:26:03]} 7. dxc5
{[%clk 1:31:29]} dxc5 {[%clk 1:26:27]} 8. Qxd8 {[%clk 1:31:50]} Rxd8
{[%clk 1:26:52]} 9. c3 {[%clk 1:32:14]} Nc6 {[%clk 1:27:05]} 10. Be3
{[%clk 1:31:51]} c4 {[%clk 1:09:10]} 11. Na3 {[%clk 1:27:28]} Nd5
{[%clk 1:04:21]} 12. Nxc4 {[%clk 1:15:41]} b5 {[%clk 1:04:41]} 13. Ncd2
{[%clk 1:16:05]} Nxe3 {[%clk 1:05:02]} 14. fxe3 {[%clk 1:16:26]} Bh6
{[%clk 1:02:12]} 15. Kf2 {[%clk 1:16:06]} e5 {[%clk 0:56:38]} 16. Red1
{[%clk 1:07:19]} f5 {[%clk 0:50:08]} 17. e4 {[%clk 0:56:44]} f4 {[%clk 0:50:06]}
18. Nb3 {[%clk 0:53:17]} Be6 {[%clk 0:40:27]} 19. gxf4 {[%clk 0:44:36]} Bxf4
{[%clk 0:40:52]} 20. Nc5 {[%clk 0:44:29]} Bg4 {[%clk 0:30:18]} 21. h3
{[%clk 0:38:19]} Bxf3 {[%clk 0:30:35]} 22. Bxf3 {[%clk 0:34:27]} b4
{[%clk 0:26:30]} 23. e3 {[%clk 0:15:44]} Bg5 {[%clk 0:25:16]} 24. Ne6
{[%clk 0:11:12]} Rxd1 {[%clk 0:24:27]} 25. Rxd1 {[%clk 0:11:06]} Bh4+
{[%clk 0:24:52]} 26. Ke2 {[%clk 0:11:30]} bxc3 {[%clk 0:25:18]} 27. bxc3
{[%clk 0:11:55]} Rc8 {[%clk 0:25:40]} 28. Rd7 {[%clk 0:11:00]} Nd8
{[%clk 0:17:01]} 29. Nxd8 {[%clk 0:08:01]} Bxd8 {[%clk 0:17:23]} 30. Rxa7
{[%clk 0:08:26]} Bg5 {[%clk 0:17:36]} 31. Ra3 {[%clk 0:08:38]} h5
{[%clk 0:16:46]} 32. Rb3 {[%clk 0:07:30]} Ra8 {[%clk 0:17:02]} 33. Rb2
{[%clk 0:07:55]} Kf7 {[%clk 0:16:54]} 34. Kf2 {[%clk 0:06:18]} Bh4+
{[%clk 0:15:29]} 35. Kg2 {[%clk 0:05:59]} Bg5 {[%clk 0:15:53]} 36. Bd1
{[%clk 0:06:02]} Bxe3 {[%clk 0:16:14]} 37. a4 {[%clk 0:04:07]} Rc8
{[%clk 0:15:57]} 38. Kf3 {[%clk 0:00:33]} Rxc3 {[%clk 0:15:57]} 39. Rb3
{[%clk 0:00:55]} Bd4+ {[%clk 0:16:24]} 40. Rxc3 {[%clk 0:31:21]} Bxc3
{[%clk 0:46:51]} 1/2-1/2

[Event "Team men PL final"]
[Site "Sochi"]
[Date "2018.05.03"]
[Round "3.9"]
[White "Timofeev, Artyom"]
[Black "Gutenev, Alexander"]
[Result "1-0"]
[BlackElo "2474"]
[WhiteElo "2579"]
[LiveChessVersion "1.4.8"]

1. c4 {[%clk 1:30:49]} Nf6 {[%clk 1:30:46]} 2. Nc3 {[%clk 1:31:05]} d5
{[%clk 1:30:58]} 3. d4 {[%clk 1:30:20]} g6 {[%clk 1:31:02]} 4. Nf3
{[%clk 1:30:32]} Bg7 {[%clk 1:31:24]} 5. Qb3 {[%clk 1:30:31]} dxc4
{[%clk 1:28:33]} 6. Qxc4 {[%clk 1:30:52]} O-O {[%clk 1:26:54]} 7. e4
{[%clk 1:30:59]} a6 {[%clk 1:26:57]} 8. e5 {[%clk 1:31:00]} b5 {[%clk 1:26:53]}
9. Qb3 {[%clk 1:31:17]} Nfd7 {[%clk 1:25:51]} 10. e6 {[%clk 1:31:27]} fxe6
{[%clk 1:25:54]} 11. Be3 {[%clk 1:31:41]} Nb6 {[%clk 1:24:28]} 12. h4
{[%clk 1:31:31]} Nd5 {[%clk 1:14:28]} 13. h5 {[%clk 1:29:29]} Nxe3
{[%clk 1:09:55]} 14. fxe3 {[%clk 1:28:37]} Qd6 {[%clk 1:10:17]} 15. O-O-O
{[%clk 1:17:10]} b4 {[%clk 0:36:01]} 16. Ne4 {[%clk 1:12:23]} Qd5
{[%clk 0:35:10]} 17. Nc5 {[%clk 1:11:50]} Qxb3 {[%clk 0:34:18]} 18. axb3
{[%clk 1:12:12]} Bh6 {[%clk 0:24:18]} 19. Kd2 {[%clk 1:08:10]} g5
{[%clk 0:24:24]} 20. Bc4 {[%clk 1:03:43]} a5 {[%clk 0:16:25]} 21. Ne5
{[%clk 0:50:10]} Na6 {[%clk 0:16:06]} 22. Nxe6 {[%clk 0:45:49]} Bxe6
{[%clk 0:15:39]} 23. Bxe6+ {[%clk 0:46:14]} Kh8 {[%clk 0:12:23]} 24. Ke2
{[%clk 0:42:25]} Rf6 {[%clk 0:08:20]} 25. Bd5 {[%clk 0:42:29]} Re8
{[%clk 0:06:12]} 26. Ra1 {[%clk 0:36:52]} c5 {[%clk 0:05:40]} 27. Rxa5
{[%clk 0:37:13]} cxd4 {[%clk 0:04:41]} 28. Bc6 {[%clk 0:35:34]} d3+
{[%clk 0:05:07]} 29. Kd1 {[%clk 0:35:57]} Rc8 {[%clk 0:04:21]} 30. Rxa6
{[%clk 0:34:24]} Re6 {[%clk 0:04:42]} 31. Ra5 {[%clk 0:34:39]} Rxe5
{[%clk 0:04:34]} 32. Rxe5 {[%clk 0:35:01]} Rxc6 {[%clk 0:05:02]} 33. Kd2
{[%clk 0:29:01]} Rc2+ {[%clk 0:05:05]} 34. Kxd3 {[%clk 0:29:25]} Rxb2
{[%clk 0:05:26]} 35. Rxe7 {[%clk 0:26:53]} Bf8 {[%clk 0:04:53]} 36. Re8
{[%clk 0:26:15]} Rxb3+ {[%clk 0:05:05]} 37. Kd4 {[%clk 0:26:31]} Kg7
{[%clk 0:05:26]} 38. Rf1 {[%clk 0:26:53]} 1-0

[Event "Team men PL final"]
[Site "Sochi"]
[Date "2018.05.03"]
[Round "3.10"]
[White "Drygalov, Sergey"]
[Black "Iljin, Artem"]
[Result "1/2-1/2"]
[BlackElo "2528"]
[WhiteElo "2418"]
[LiveChessVersion "1.4.8"]

1. d4 {[%clk 1:30:57]} Nf6 {[%clk 1:30:31]} 2. c4 {[%clk 1:31:22]} e6
{[%clk 1:30:52]} 3. Nf3 {[%clk 1:31:48]} d5 {[%clk 1:30:48]} 4. Nc3
{[%clk 1:30:48]} Be7 {[%clk 1:30:11]} 5. Bf4 {[%clk 1:30:51]} O-O
{[%clk 1:28:47]} 6. e3 {[%clk 1:31:14]} Nbd7 {[%clk 1:25:20]} 7. cxd5
{[%clk 1:24:55]} Nxd5 {[%clk 1:23:12]} 8. Nxd5 {[%clk 1:25:12]} exd5
{[%clk 1:23:38]} 9. Bd3 {[%clk 1:25:38]} c6 {[%clk 1:12:38]} 10. O-O
{[%clk 1:25:16]} Re8 {[%clk 1:12:15]} 11. Rb1 {[%clk 1:23:03]} a5
{[%clk 1:10:05]} 12. h3 {[%clk 1:08:10]} g6 {[%clk 0:57:48]} 13. Bc2
{[%clk 1:05:56]} Nf6 {[%clk 0:52:33]} 14. Nd2 {[%clk 0:56:25]} Nh5
{[%clk 0:33:34]} 15. Be5 {[%clk 0:53:29]} Ng7 {[%clk 0:32:46]} 16. a3
{[%clk 0:49:41]} Nf5 {[%clk 0:28:42]} 17. b4 {[%clk 0:29:47]} axb4
{[%clk 0:28:13]} 18. axb4 {[%clk 0:27:24]} Nd6 {[%clk 0:26:57]} 19. Bxd6
{[%clk 0:25:49]} Bxd6 {[%clk 0:26:47]} 20. b5 {[%clk 0:25:44]} Qh4
{[%clk 0:14:11]} 21. Nf3 {[%clk 0:22:19]} Qh5 {[%clk 0:10:27]} 22. bxc6
{[%clk 0:22:26]} bxc6 {[%clk 0:10:34]} 23. Rb6 {[%clk 0:20:23]} Bxh3
{[%clk 0:04:58]} 24. Rxc6 {[%clk 0:09:45]} Bxg2 {[%clk 0:04:42]} 25. Kxg2
{[%clk 0:10:10]} Qg4+ {[%clk 0:05:08]} 26. Kh1 {[%clk 0:10:36]} Qh3+
{[%clk 0:03:18]} 27. Kg1 {[%clk 0:10:58]} Qg4+ {[%clk 0:03:26]} 28. Kh1
{[%clk 0:11:24]} Qh3+ {[%clk 0:00:56]} 29. Kg1 {[%clk 0:10:29]} Qg4+
{[%clk 0:00:44]} 1/2-1/2

[Event "Team men PL final"]
[Site "Sochi"]
[Date "2018.05.03"]
[Round "3.11"]
[White "Hasangatin, Ramil"]
[Black "Frolov, Ivan"]
[Result "1-0"]
[BlackElo "2243"]
[WhiteElo "2502"]
[LiveChessVersion "1.4.8"]

1. Nf3 {[%clk 1:30:56]} Nf6 {[%clk 1:30:38]} 2. g3 {[%clk 1:31:19]} c5
{[%clk 1:27:35]} 3. Bg2 {[%clk 1:29:59]} Nc6 {[%clk 1:27:40]} 4. O-O
{[%clk 1:27:55]} e5 {[%clk 1:27:34]} 5. d3 {[%clk 1:20:35]} d5 {[%clk 1:26:51]}
6. e4 {[%clk 1:20:38]} dxe4 {[%clk 1:25:15]} 7. dxe4 {[%clk 1:20:57]} Bg4
{[%clk 1:25:17]} 8. Nbd2 {[%clk 1:17:33]} Qc7 {[%clk 1:18:51]} 9. c3
{[%clk 1:14:19]} Be7 {[%clk 1:18:03]} 10. Qe2 {[%clk 1:13:00]} O-O-O
{[%clk 1:17:17]} 11. Nc4 {[%clk 1:10:16]} h5 {[%clk 1:15:04]} 12. Ne3
{[%clk 1:04:45]} Nxe4 {[%clk 1:08:26]} 13. Nxg4 {[%clk 1:02:57]} hxg4
{[%clk 1:08:52]} 14. Qxe4 {[%clk 1:00:48]} gxf3 {[%clk 1:09:16]} 15. Qxf3
{[%clk 1:00:53]} Rdf8 {[%clk 1:04:58]} 16. Qd5 {[%clk 0:38:55]} f5
{[%clk 1:03:53]} 17. Re1 {[%clk 0:18:43]} Rf6 {[%clk 1:00:22]} 18. Bg5
{[%clk 0:17:38]} Rd6 {[%clk 1:00:36]} 19. Qf7 {[%clk 0:12:24]} Bf6
{[%clk 0:59:54]} 20. Qxc7+ {[%clk 0:11:49]} Kxc7 {[%clk 1:00:19]} 21. Bxf6
{[%clk 0:09:29]} gxf6 {[%clk 1:00:44]} 22. Rad1 {[%clk 0:09:00]} Rhd8
{[%clk 1:00:47]} 23. Rxd6 {[%clk 0:09:15]} Rxd6 {[%clk 1:01:13]} 24. h4
{[%clk 0:07:01]} Ne7 {[%clk 1:00:17]} 25. Bh3 {[%clk 0:03:27]} Kd7
{[%clk 0:59:59]} 26. Kf1 {[%clk 0:03:26]} Rd2 {[%clk 1:00:18]} 27. Rb1
{[%clk 0:03:38]} Ke6 {[%clk 0:55:04]} 28. Ke1 {[%clk 0:03:59]} Rd8
{[%clk 0:55:04]} 29. Rd1 {[%clk 0:03:15]} Rxd1+ {[%clk 0:55:17]} 30. Kxd1
{[%clk 0:03:44]} e4 {[%clk 0:55:40]} 31. Ke2 {[%clk 0:03:12]} Ke5
{[%clk 0:51:28]} 32. h5 {[%clk 0:03:42]} Ng8 {[%clk 0:51:23]} 33. Ke3
{[%clk 0:03:55]} Nh6 {[%clk 0:51:41]} 34. f3 {[%clk 0:04:04]} exf3
{[%clk 0:51:59]} 35. Kxf3 {[%clk 0:04:29]} b6 {[%clk 0:52:06]} 36. Bf1
{[%clk 0:03:22]} Ng4 {[%clk 0:52:29]} 37. Be2 {[%clk 0:03:32]} Nh6
{[%clk 0:52:50]} 38. Ke3 {[%clk 0:03:39]} Nf7 {[%clk 0:53:05]} 39. Bf3
{[%clk 0:03:29]} Nh6 {[%clk 0:53:10]} 40. a4 {[%clk 0:33:38]} Nf7
{[%clk 1:23:08]} 41. Bb7 {[%clk 0:27:14]} Nh6 {[%clk 1:23:32]} 42. Kd3
{[%clk 0:25:22]} Kd6 {[%clk 1:22:41]} 43. Kc4 {[%clk 0:25:26]} Nf7
{[%clk 1:23:03]} 44. Kb5 {[%clk 0:23:08]} Kc7 {[%clk 1:23:20]} 45. Ka6
{[%clk 0:22:32]} Kb8 {[%clk 1:23:43]} 46. Bd5 {[%clk 0:22:20]} Nh6
{[%clk 1:23:28]} 47. Be6 {[%clk 0:22:10]} 1-0